| 000 | 00628nam a2200181Ia 4500 | ||
|---|---|---|---|
| 008 | 220216s9999 xx 000 0 und d | ||
| 100 | _aGeorge K.T. | ||
| 245 | 0 | _aGlobal trade and tariff policy on rubber and rubber products under the WTO regime: A preliminary assessment | |
| 260 |
_bWorking Paper, Economic Research Division, Rubber Research Institute of India, Rubber Board, Kottayam, India _c2003 |
||
| 650 | _aRubber product | ||
| 650 | _aRubber product industry | ||
| 650 | _aTariff policy | ||
| 650 | _aTrade policy | ||
| 650 | _aWTO agreement | ||
| 700 | _aJacob J.[a] | ||
| 700 |
_aJoseph _BJ.[a] |
||
| 942 | _cBS | ||
| 999 |
_c52444 _d52444 |
||